Pink Characters - Statistics

General Stats
  • This quiz has been taken 13 times
  • The average score is 7 of 22
Answer Stats
You might know them from... Name % Correct
Spongebob Patrick Star
100%
Winnie the Pooh Piglet
70%
Mario Franchise Princess Peach
60%
Teen Titans Starfire
60%
Nintendo Series Kirby
50%
Adventure Time Princess Bubblegum
50%
The Fairly OddParents Wanda
50%
My Little Pony Pinky Pie
40%
Monster High Draculaura
30%
Hello Kitty My Melody
30%
Mario Franchise Toadette
30%
Teen Titans Go Jinx
20%
The Princess and the Frog Lottie
20%
Tinkerbell Rosetta
20%
Monster High CA Cupid
10%
Splatoon 2 Callie
10%
Lalaloopsie Jewel Sparkles
10%
The Loud House Lola Loud
10%
Demon Slayer Mitsuri
10%
One Piece Perona
10%
_____ Berry Bitty Adventures Strawberry Shortcake
10%
The Backyardagains Uniqua
10%
No matching quizzes found
Score Distribution
Percent of People with Each Score
Percentile by Number Answered
Your Score History
You have not taken this quiz